Chicken soup for the Christian family soul : (Record no. 10467)
[ view plain ]
| 000 -LEADER | |
|---|---|
| fixed length control field | 01236cam a2200313 a 4500 |
| 001 - CONTROL NUMBER | |
| control field | 42863162 |
| 003 - CONTROL NUMBER IDENTIFIER | |
| control field | OCoLC |
| 005 - DATE AND TIME OF LATEST TRANSACTION | |
| control field | 20241126110732.0 |
| 008 - FIXED-LENGTH DATA ELEMENTS--GENERAL INFORMATION | |
| fixed length control field | 991109s2000 flu 000 0 eng |
| 010 ## - | |
| -- | 99057883 |
| 020 ## - INTERNATIONAL STANDARD BOOK NUMBER | |
| Canceled/invalid ISBN | 155874714X (hardcover) |
| 020 ## - INTERNATIONAL STANDARD BOOK NUMBER | |
| International Standard Book Number | 1558747141 (trade paper) |
| 020 ## - INTERNATIONAL STANDARD BOOK NUMBER | |
| International Standard Book Number | 9781558747142 (trade paper) |
| 020 ## - INTERNATIONAL STANDARD BOOK NUMBER | |
| International Standard Book Number | 155874715X |
| 020 ## - INTERNATIONAL STANDARD BOOK NUMBER | |
| International Standard Book Number | 9781558747159 |
| 035 ## - SYSTEM CONTROL NUMBER | |
| System control number | (OCoLC)42863162 |
| 040 ## - CATALOGING SOURCE | |
| Original cataloging agency | DLC |
| Transcribing agency | DLC |
| Modifying agency | IG# |
| -- | PGC |
| -- | BAKER |
| -- | BTCTA |
| -- | HNW |
| -- | OCLCQ |
| -- | YDXCP |
| -- | CIRBC |
| 050 00 - | |
| -- | BV4515.2 |
| -- | C445 2000 |
| 082 00 - DEWEY DECIMAL CLASSIFICATION NUMBER | |
| Classification number | 242 |
| Edition information | 21 |
| Item number | CHI |
| 092 ## - LOCALLY ASSIGNED DEWEY CALL NUMBER (OCLC) | |
| Classification number | 242 |
| Item number | C5332 |
| 245 00 - TITLE STATEMENT | |
| Title | Chicken soup for the Christian family soul : |
| Remainder of title | stories to open the heart and rekindle the spirit / |
| Statement of responsibility, etc. | [compiled by] Jack Canfield ... [et al.]. |
| 260 ## - PUBLICATION, DISTRIBUTION, ETC. | |
| Place of publication, distribution, etc. | Deerfield Beach, Fla. : |
| Name of publisher, distributor, etc. | Health Communications, |
| Date of publication, distribution, etc. | c2000. |
| 300 ## - PHYSICAL DESCRIPTION | |
| Extent | xvii, 406 p. ; |
| Dimensions | 23 cm. |
| 505 0# - FORMATTED CONTENTS NOTE | |
| Formatted contents note | On love -- Divine intervention -- On parents and parenting -- Going home -- Acts of kindness -- The power of believing -- The meaning of Christmas -- Overcoming obstacles -- Insights and lessons. |
| 650 #0 - SUBJECT ADDED ENTRY--TOPICAL TERM | |
| Topical term or geographic name entry element | Christian life. |
| 9 (RLIN) | 183 |
| 650 #0 - SUBJECT ADDED ENTRY--TOPICAL TERM | |
| Topical term or geographic name entry element | Families |
| General subdivision | Religious aspects |
| -- | Christianity. |
| 9 (RLIN) | 4284 |
| 700 1# - ADDED ENTRY--PERSONAL NAME | |
| Personal name | Canfield, Jack, |
| Dates associated with a name | 1944- |
| 9 (RLIN) | 18228 |
| 942 ## - ADDED ENTRY ELEMENTS (KOHA) | |
| Source of classification or shelving scheme | Dewey Decimal Classification |
| Koha item type | Books |
| Withdrawn status | Lost status | Source of classification or shelving scheme | Damaged status | Not for loan | Home library | Current Library | Shelving location | Date acquired | Total checkouts | Full call number | Barcode | Date last seen | Copy number | Price effective from | Koha item type |
|---|---|---|---|---|---|---|---|---|---|---|---|---|---|---|---|
| Dewey Decimal Classification | GRACE BIBLE COLLEGE | GRACE BIBLE COLLEGE | Ministry & Mission | 2024-07-24 | 242 CHI | 017030 | 2025-05-01 | c.1 | 2024-07-24 | Books |